000 00450nam a2200181Ia 4500
001 16378
005 20260306170305.0
008 260306t2018||||xx |||||||||||||| ||und||
041 _aESP
082 _a348.55
_bC27
100 _aCapilla Roncero, Francisco
_eAUT
245 0 _aDerecho digital:
_bretos y cuestiones actuales
260 _c2018
300 _a250 páginas :
_c23 cm.
650 _aGEN
654 _aCDE
942 _cLIB
_dJUS
_fJUS
_2ddc
_n
999 _c16378
_d16378